Použitie fuzzy logiky pri rozhodovacích procesoch v ekonómii bakalárska práca

Salvato in:
Dettagli Bibliografici
Autore principale: Baník, Tomáš
Ente Autore: Národohospodárska fakulta EU. Katedra financií
Altri autori: Keruľ, Tomáš
Natura: Libro
Lingua:slovacco
Pubblicazione: Bratislava 2010
Tags: Aggiungi Tag
Nessun Tag, puoi essere il primo ad aggiungerne!!

MARC

LEADER 00000nam$a2200000$$$4500
001 0136522
005 20240320074418.3
041 0 |a slo 
044 |a SK 
245 1 0 |a Použitie fuzzy logiky pri rozhodovacích procesoch v ekonómii  |b bakalárska práca  |c Tomáš Baník ; školiteľ: Tomáš Keruľ 
264 1 |a Bratislava  |c 2010 
300 |a 42 s. 
100 1 |a Baník, Tomáš 
700 1 |a Keruľ, Tomáš 
710 2 |a Národohospodárska fakulta EU. Katedra financií